000 00688 a2200169 4500
999 _c9327
_d9327
020 _a9781784536237
050 _aJZ4973.5 BAR 2015
100 _aBarber, Martin (Martin John Philip)
_eauthor
245 _aBlinded by humanity :
_b inside the UN's humanitarian operations /
_c Martin-Barbero ; foreword by Mark Malloch-Brown.
264 _aLondon :
_bI.B. Tauris,
_c2015.
300 _a1 online resource (xviii, 246 pages, 8 unnumbered pages f plates) : illustrations, maps
500 _alncludes index
650 _a United Nations. -- Security Council.
650 _a United Nations -- Peacekeeping forces.
650 _a Humanitarian intervention.
942 _2lcc
_cBK
_h4973.5
_iBAR
_kJZ